| 000 | 00441nam a2200181Ia 4500 | ||
|---|---|---|---|
| 001 | 2409 | ||
| 005 | 20260306144805.0 | ||
| 008 | 260306t2015||||xx |||||||||||||| ||spa|| | ||
| 041 | _aESP | ||
| 082 |
_a616.89 _bJ89 |
||
| 100 |
_aJung, Carl Gustav _eAUT |
||
| 245 | 0 | _aPsicogénesis de las enfermedades mentales | |
| 260 | _c2015 | ||
| 300 |
_aviii, 284 páginas : _c23 cm. |
||
| 650 | _aGEN | ||
| 654 | _aCPS | ||
| 942 |
_cLIB _dJUS _fJUS _2ddc _n |
||
| 999 |
_c2409 _d2409 |
||